000
00270nam a2200109Ia 4500
008
190216s9999||||xx |||||||||||||| ||und||
100
_a
Nandakumar
245
0
_a
Malayalam-Kavitha Kingini Kettiya Kadalukal
260
_b
Nbs Kottayam
650
_a
Kavithakal
942
_c
BK
999
_c
26124
_d
26124